Quantities: a guide to the measurement and valuation of building and engineering works. (Record no. 86179)

MARC details
000 -LEADER
fixed length control field 00643cam a2200217 4500
001 - CONTROL NUMBER
control field D12744
008 - FIXED-LENGTH DATA ELEMENTS--GENERAL INFORMATION
fixed length control field 090401t1947 xxu||||| |||| 00| 0 eng d
035 ## - SYSTEM CONTROL NUMBER
System control number (Sirsi) u5434
041 ## - LANGUAGE CODE
Language code of text/sound track or separate title eng
100 ## - MAIN ENTRY--PERSONAL NAME
Personal name Fletcher, Banister
245 ## - TITLE STATEMENT
Title Quantities: a guide to the measurement and valuation of building and engineering works.
250 ## - EDITION STATEMENT
Edition statement 12th
260 ## - PUBLICATION, DISTRIBUTION, ETC.
Place of publication, distribution, etc. London
Name of publisher, distributor, etc. B T Batsford
Date of publication, distribution, etc. 1947
300 ## - PHYSICAL DESCRIPTION
Extent 683p.
350 ## - PRICE (NR) (BK AM CF MU VM SE) [OBSOLETE]
Price 0
520 ## - SUMMARY, ETC.
Summary, etc. Shelf 179. - This edition by Albert E. Baylis. - Cover title: Fletcher`s Quantities.
700 ## - ADDED ENTRY--PERSONAL NAME
Personal name Fletcher, Herbert Phillips
700 ## - ADDED ENTRY--PERSONAL NAME
Personal name Baylis, Albert E.
942 ## - ADDED ENTRY ELEMENTS (KOHA)
Suppress in OPAC 0
948 ## - LOCAL PROCESSING INFORMATION (OCLC); SERIES PART DESIGNATOR (RLIN)
c (OCLC) 04/03/1997
Holdings
Withdrawn status Lost status Source of classification or shelving scheme Damaged status Not for loan Home library Current library Shelving location Date acquired Total Checkouts Full call number Barcode Date last seen Copy number Price effective from Koha item type
    Other/Generic Classification Scheme     London London Basement 14/09/1999   SHELF 179 30014170 06/08/2019 1 06/08/2019 Reference material